000 00738nam a22002417a 4500
003 UA-OsUOA
001 126403
007 ta
008 20171020b un ||||| |||| 00| 0 ukr d
100 _aНеймовірний С.
090 _a821.161.2:94(477)
_bН46
942 _cBK
040 _aUA-OsUOA
_bukr
_cUA-OsUOA
_dUA-OsUOA
245 _aБуквар з історії України
_bу віршах: оригінальний народний підручник
300 _a264 с.
955 _a3
041 _aukr
080 _a821.161.2:94(477)
020 _a978-966-8947-08-7
260 _aК.
_bПанмедія
_c2012
650 7 _a82 Література. Літературознавство
_2UDC
999 _c413606
_d413606